000 00339nam a2200133Ia 4500
008 240624s9999 xx 000 0 und d
041 _aeng
082 _a300.72 PAN
100 _aPANNEERSELNAM R
245 _aRESEARCH METHODOLOGY
260 _c2008
_aNew Delhi
_bPrentice-Hall of India
300 _a639 : p. : cm. ; 28
365 _cRS
_b36
999 _c12364
_d12364